Bản đồ địa hình và đo vẽ địa phương

Guardat en:
Dades bibliogràfiques
Autor principal: Lê Huỳnh
Format: Llibre
Idioma:Undetermined
Publicat: Hà Nội Trường Đại học Sư phạm I Hà Nội 1992
Matèries:
Etiquetes: Afegir etiqueta
Sense etiquetes, Sigues el primer a etiquetar aquest registre!
Thư viện lưu trữ: Trung tâm Học liệu Trường Đại học Cần Thơ
LEADER 00569nam a2200181Ia 4500
001 CTU_10250
008 210402s9999 xx 000 0 und d
082 |a 912 
082 |b H531 
100 |a Lê Huỳnh 
245 0 |a Bản đồ địa hình và đo vẽ địa phương 
245 0 |c Lê Huỳnh, Lâm Quang Đốc 
260 |a Hà Nội 
260 |b Trường Đại học Sư phạm I Hà Nội 
260 |c 1992 
650 |a maps,surveys - plutting 
904 |i Minh, 961007 
980 |a Trung tâm Học liệu Trường Đại học Cần Thơ